[Event "Chojnice op-A 4th"]
[Site "Chojnice"]
[Date "2008.07.14"]
[Round "4"]
[White "Khamitskiy, Sergei"]
[Black "Kalata, Mariusz"]
[Result "1-0"]
[WhiteElo "2324"]
[BlackElo "2151"]
[PlyCount "103"]
[EventDate "2008.07.12"]
[EventType "swiss"]
[EventRounds "9"]
[EventCountry "POL"]
[SourceTitle "EXT 2018"]
[Source "ChessBase"]
[SourceDate "2017.10.13"]
[SourceVersion "1"]
[SourceVersionDate "2017.10.13"]
[SourceQuality "1"]

1. d4 Nf6 2. c4 c5 3. d5 b5 4. Nf3 bxc4 5. Nc3 d6 6. e4 g6 7. Bxc4 Bg7 8. e5 dxe5 9. Nxe5 0-0 10. 0-0 Nfd7 11. Nc6 Nxc6 12. dxc6 Nb6 13. Be2 Qc7 14. Bf3 Ba6 15. Re1 Rad8 16. Qb3 Bc4 17. Qa3 Bd4 18. Bh6 Rfe8 19. Rac1 a6 20. Qa5 Nd5 21. Qxc7 Nxc7 22. b3 Bd5 23. Nxd5 Nxd5 24. c7 Nxc7 25. Bc6 Nd5 26. Bxe8 Rxe8 27. Be3 e5 28. Bxd4 cxd4 29. Rc5 Rd8 30. Rxe5 Nb4 31. Kf1 d3 32. Ke1 f6 33. Re3 Nc2+ 34. Kd2 Nxe3 35. fxe3 Rd6 36. Rc7 f5 37. b4 h6 38. a4 Kf8 39. Rc3 Ke7 40. Rxd3 Rb6 41. Kc3 Ke6 42. Rd4 Ke5 43. b5 axb5 44. a5 Rb8 45. Kb4 g5 46. g3 h5 47. h4 f4 48. gxf4+ gxf4 49. Rxf4 Kd5 50. Rf5+ Kc6 51. Rc5+ Kd6 52. e4 1-0

[Event "POL-chT 2nd League"]
[Site "Wysowa"]
[Date "2007.09.09"]
[Round "7"]
[White "Janiszewski, Maciej"]
[Black "Kalata, Mariusz"]
[Result "1-0"]
[WhiteElo "2083"]
[BlackElo "2157"]
[PlyCount "119"]
[EventDate "2007.09.03"]
[EventType "team-swiss"]
[EventRounds "9"]
[EventCountry "POL"]
[SourceTitle "EXT 2010"]
[Source "ChessBase"]
[SourceDate "2010.11.25"]
[SourceVersion "1"]
[SourceVersionDate "2010.11.25"]
[SourceQuality "1"]
[WhiteTeam "Szopienice HetMaN"]
[BlackTeam "Wegrow SRSDiM"]
[WhiteTeamCountry "POL"]
[BlackTeamCountry "POL"]

1. e4 c5 2. Nf3 d6 3. d4 cxd4 4. Nxd4 Nf6 5. Nc3 g6 6. Be3 Bg7 7. f3 0-0 8. Qd2 Nc6 9. Bc4 Bd7 10. 0-0-0 Qb8 11. h4 b5 12. Nxc6 Bxc6 13. Nd5 Qb7 14. Nxf6+ Bxf6 15. Bd5 Bxd5 16. Qxd5 Qxd5 17. Rxd5 a6 18. h5 Rfc8 19. hxg6 hxg6 20. g4 Rc4 21. Rh2 Rac8 22. Rhd2 Be5 23. Re2 Rb8 24. f4 Bg7 25. Bf2 Rbc8 26. Bg3 R4c5 27. Bh4 R5c7 28. a4 Rb7 29. axb5 axb5 30. Re3 Rbc7 31. Rd2 Ra8 32. Kb1 b4 33. Rb3 Rca7 34. c3 bxc3 35. bxc3 Rc7 36. Kc2 Ra2+ 37. Kd3 Rxd2+ 38. Kxd2 e6 39. Kd3 Rc8 40. Be7 Bf8 41. Bxf8 Kxf8 42. Kd4 Ra8 43. c4 Ra1 44. e5 d5 45. cxd5 Ra4+ 46. Kc5 exd5 47. Rb4 Ra1 48. Kxd5 Rd1+ 49. Rd4 Rf1 50. Kd6 Ra1 51. f5 gxf5 52. gxf5 Ra6+ 53. Kc7 f6 54. Rd6 Ra5 55. Rxf6+ Ke7 56. Re6+ Kf7 57. Kb6 Ra2 58. Rc6 Rf2 59. Rc7+ Ke8 60. f6 1-0

[Event "POL-chT 2nd League"]
[Site "Wysowa"]
[Date "2007.09.06"]
[Round "4"]
[White "Kalata, Mariusz"]
[Black "Rys, Sebastian"]
[Result "1/2-1/2"]
[WhiteElo "2157"]
[BlackElo "1800"]
[PlyCount "96"]
[EventDate "2007.09.03"]
[EventType "team-swiss"]
[EventRounds "9"]
[EventCountry "POL"]
[SourceTitle "EXT 2010"]
[Source "ChessBase"]
[SourceDate "2010.11.25"]
[SourceVersion "1"]
[SourceVersionDate "2010.11.25"]
[SourceQuality "1"]
[WhiteTeam "Wegrow SRSDiM"]
[BlackTeam "Poznan Komandoria"]
[WhiteTeamCountry "POL"]
[BlackTeamCountry "POL"]

1. d4 d5 2. c4 e6 3. Nf3 Nf6 4. g3 b6 5. Bg2 Bb7 6. 0-0 Bd6 7. Nc3 0-0 8. b3 a6 9. Bb2 Nbd7 10. Rc1 Qe7 11. cxd5 Nxd5 12. Qc2 Rac8 13. e4 Nxc3 14. Bxc3 Bb4 15. Ba1 Rfd8 16. Rcd1 Nf6 17. Ne5 c5 18. dxc5 Bxc5 19. Qe2 b5 20. Kh1 Rxd1 21. Rxd1 Bb6 22. Ng4 Nxg4 23. Qxg4 f6 24. Qe2 Rd8 25. Rxd8+ Qxd8 26. h4 Qd6 27. e5 Bxg2+ 28. Kxg2 Qd5+ 29. Qf3 fxe5 30. Qxd5 exd5 31. Bxe5 Kf7 32. f4 h5 33. Kf3 g6 34. g4 Ke6 35. gxh5 gxh5 36. Bc3 Kf5 37. Bd2 Bd4 38. Ba5 Bb2 39. Bd2 d4 40. Be1 Bc3 41. Bf2 b4 42. Bg1 d3 43. Be3 d2 44. Ke2 Ke4 45. Bc5 Kxf4 46. Bd6+ Kf5 47. Be7 Kg4 48. Bg5 Kg3 1/2-1/2

[Event "POL-chT 2nd League"]
[Site "Wysowa"]
[Date "2007.09.05"]
[Round "3"]
[White "Borysiak, Boguslaw"]
[Black "Kalata, Mariusz"]
[Result "1/2-1/2"]
[WhiteElo "2203"]
[BlackElo "2157"]
[PlyCount "79"]
[EventDate "2007.09.03"]
[EventType "team-swiss"]
[EventRounds "9"]
[EventCountry "POL"]
[SourceTitle "EXT 2010"]
[Source "ChessBase"]
[SourceDate "2010.11.25"]
[SourceVersion "1"]
[SourceVersionDate "2010.11.25"]
[SourceQuality "1"]
[WhiteTeam "Milanowek UKS Jedwabnik"]
[BlackTeam "Wegrow SRSDiM"]
[WhiteTeamCountry "POL"]
[BlackTeamCountry "POL"]

1. c4 Nf6 2. Nf3 d6 3. d4 g6 4. Nc3 Bg7 5. e4 0-0 6. Be2 e5 7. 0-0 exd4 8. Nxd4 Re8 9. f3 Nc6 10. Nc2 Bd7 11. Be3 Ne5 12. Qd2 Bc6 13. Rad1 Qe7 14. Kh1 Ned7 15. Nd5 Bxd5 16. cxd5 Nh5 17. g4 Nhf6 18. Kg2 Nb6 19. b3 Rac8 20. Rfe1 Red8 21. Bf4 Ne8 22. Ne3 Be5 23. Nc4 Nxc4 24. Bxc4 c5 25. dxc6 bxc6 26. Bg5 Bf6 27. Bxf6 Qxf6 28. g5 Qe7 29. h4 Ng7 30. f4 Qd7 31. Qe2 Re8 32. Qf3 Qc7 33. Bd3 Qa5 34. Bb1 Rcd8 35. Re2 d5 36. e5 Qb4 37. Qe3 c5 38. Qd2 Qb6 39. Rf2 Qe6 40. Qe2 1/2-1/2

[Event "POL-chT 2nd League"]
[Site "Wysowa"]
[Date "2007.09.03"]
[Round "1"]
[White "Jablonski, Mariusz"]
[Black "Kalata, Mariusz"]
[Result "1-0"]
[WhiteElo "2257"]
[BlackElo "2157"]
[PlyCount "79"]
[EventDate "2007.09.03"]
[EventType "team-swiss"]
[EventRounds "9"]
[EventCountry "POL"]
[SourceTitle "EXT 2010"]
[Source "ChessBase"]
[SourceDate "2010.11.25"]
[SourceVersion "1"]
[SourceVersionDate "2010.11.25"]
[SourceQuality "1"]
[WhiteTeam "Wloclawek Leszczynski"]
[BlackTeam "Wegrow SRSDiM"]
[WhiteTeamCountry "POL"]
[BlackTeamCountry "POL"]

1. e4 c5 2. Nf3 d6 3. d4 cxd4 4. Nxd4 Nf6 5. Nc3 g6 6. g3 Bg7 7. Bg2 0-0 8. 0-0 Nc6 9. Nde2 Rb8 10. a4 a6 11. h3 b5 12. axb5 axb5 13. Nf4 b4 14. Ncd5 Nd7 15. Ra2 Nc5 16. b3 Bd7 17. Bd2 e6 18. Ne3 Ne5 19. Ne2 Bc6 20. f3 Ned7 21. Qe1 d5 22. exd5 exd5 23. f4 Qb6 24. Kh2 Nf6 25. Nd4 Ba8 26. Nf3 Nfe4 27. Ne5 Qb5 28. Ra7 Qb6 29. Ra2 Qb5 30. Ra7 Qb6 31. Rxa8 Rxa8 32. Nxd5 Qd6 33. Bxe4 Nxe4 34. Qxe4 Rfd8 35. Nc6 Re8 36. Nce7+ Kh8 37. Bxb4 Qd8 38. Re1 Rb8 39. Bc5 Qd7 40. Bd4 1-0

[Event "Chojnice op"]
[Site "Chojnice"]
[Date "2007.07.17"]
[Round "5"]
[White "Kalata, Mariusz"]
[Black "Zaskalski, Arkadiusz"]
[Result "1-0"]
[WhiteElo "2157"]
[BlackElo "2207"]
[PlyCount "73"]
[EventDate "2007.07.14"]
[EventType "swiss"]
[EventRounds "9"]
[EventCountry "POL"]
[SourceTitle "CBM 119 Extra"]
[Source "ChessBase"]
[SourceDate "2007.09.04"]
[SourceVersion "1"]
[SourceVersionDate "2007.09.04"]
[SourceQuality "1"]

1. d4 Nf6 2. c4 c5 3. d5 b5 4. Nf3 g6 5. cxb5 a6 6. b6 Qxb6 7. Nc3 d6 8. e4 Bg7 9. Be2 Bg4 10. Nd2 Bxe2 11. Qxe2 0-0 12. 0-0 Nbd7 13. Nc4 Qc7 14. f4 Nb6 15. Ne3 Nfd7 16. a4 Rfb8 17. a5 Nc8 18. Nc4 Rb3 19. Bd2 Na7 20. Rae1 Nb5 21. e5 Nd4 22. Qe4 Rb4 23. Qd3 Rab8 24. Ne4 Rb3 25. exd6 exd6 26. Bc3 Nb5 27. f5 Nxc3 28. bxc3 Ne5 29. Nxe5 Bxe5 30. fxg6 hxg6 31. Nf6+ Kg7 32. Rxe5 dxe5 33. d6 Qc6 34. d7 Rb2 35. Qh3 Rd2 36. Qh7+ Kf8 37. Qh6+ 1-0

[Event "Chojnice op"]
[Site "Chojnice"]
[Date "2007.07.16"]
[Round "4"]
[White "Kalata, Mariusz"]
[Black "Budrewicz, Krzysztof"]
[Result "0-1"]
[WhiteElo "2157"]
[BlackElo "2224"]
[PlyCount "98"]
[EventDate "2007.07.14"]
[EventType "swiss"]
[EventRounds "9"]
[EventCountry "POL"]
[SourceTitle "CBM 119 Extra"]
[Source "ChessBase"]
[SourceDate "2007.09.04"]
[SourceVersion "1"]
[SourceVersionDate "2007.09.04"]
[SourceQuality "1"]

1. d4 Nf6 2. c4 g6 3. Nc3 Bg7 4. e4 d6 5. f3 0-0 6. Be3 e5 7. Nge2 c6 8. d5 c5 9. Qd2 a6 10. Ng3 Ne8 11. Bh6 f5 12. Bxg7 Nxg7 13. Bd3 Qh4 14. Qf2 Nd7 15. a3 Nf6 16. Rb1 Ng4 17. Qg1 f4 18. fxg4 fxg3 19. h3 h5 20. g5 Qxg5 21. Nd1 h4 22. Qe3 Rf4 23. Kd2 Bd7 24. Kc3 Raf8 25. b4 b6 26. bxc5 bxc5 27. Qc1 Qd8 28. Kb2 Nh5 29. Ka1 Nf6 30. Re1 g5 31. Nc3 Nh5 32. Be2 Ng7 33. Rb7 Bc8 34. Rb8 Qa5 35. Kb2 Qc7 36. Rb3 Bd7 37. Ka1 Rb8 38. Rxb8+ Qxb8 39. Qd2 Qb3 40. Rb1 Qxa3+ 41. Na2 g4 42. hxg4 h3 43. gxh3 g2 44. Bd3 Rf3 45. Qg5 Qxd3 46. Rb8+ Rf8 47. Rxf8+ Kxf8 48. Qf6+ Kg8 49. Qd8+ Be8 0-1

[Event "POL-chT Liga Mazowiecka 2006/07"]
[Site "Poland"]
[Date "2007.01.21"]
[Round "7.15"]
[White "Kalata, Mariusz"]
[Black "Krasiewicz, Robert"]
[Result "1-0"]
[WhiteElo "2132"]
[BlackElo "2104"]
[PlyCount "81"]
[EventDate "2006.10.22"]
[EventType "team-swiss"]
[EventRounds "9"]
[EventCountry "POL"]
[SourceTitle "EXT 2011"]
[Source "ChessBase"]
[SourceDate "2010.11.26"]
[SourceVersion "1"]
[SourceVersionDate "2010.11.26"]
[SourceQuality "1"]
[WhiteTeam "Wegrow SRSDiM"]
[BlackTeam "Zielonka Zieloni Juniorzy"]
[WhiteTeamCountry "POL"]
[BlackTeamCountry "POL"]

1. Nf3 f5 2. d4 Nf6 3. c4 g6 4. Nc3 Bg7 5. Qc2 0-0 6. Bg5 c6 7. e3 d6 8. h4 h6 9. Bf4 Na6 10. Be2 Bd7 11. 0-0 Qe8 12. Qb3 c5 13. a3 b6 14. d5 Nc7 15. Qc2 b5 16. Rfd1 Rb8 17. Rac1 b4 18. axb4 cxb4 19. Nb1 b3 20. Qd3 Na6 21. Nd4 Nb4 22. Qxb3 Nbxd5 23. Qa3 Nxf4 24. exf4 Ne4 25. b4 e5 26. fxe5 dxe5 27. Nb5 Bxb5 28. cxb5 Qe7 29. h5 gxh5 30. Nc3 Nxc3 31. Qxc3 Rb7 32. Qc6 Kh8 33. Qd5 Rb6 34. Qc5 Qg5 35. Qe3 f4 36. Qe4 h4 37. Bd3 Kg8 38. Rc7 Re8 39. Qh7+ Kf8 40. Bc4 Rg6 41. Qg8# 1-0

[Event "POL-chT Liga Mazowiecka 2006/07"]
[Site "Poland"]
[Date "2006.11.19"]
[Round "3.21"]
[White "Kalata, Mariusz"]
[Black "Dudzik, Leszek"]
[Result "1-0"]
[WhiteElo "2132"]
[BlackElo "2000"]
[PlyCount "91"]
[EventDate "2006.10.22"]
[EventType "team-swiss"]
[EventRounds "9"]
[EventCountry "POL"]
[SourceTitle "EXT 2011"]
[Source "ChessBase"]
[SourceDate "2010.11.26"]
[SourceVersion "1"]
[SourceVersionDate "2010.11.26"]
[SourceQuality "1"]
[WhiteTeam "Wegrow SRSDiM"]
[BlackTeam "Warszawa Entropia"]
[WhiteTeamCountry "POL"]
[BlackTeamCountry "POL"]

1. d4 Nf6 2. c4 g6 3. Nc3 d5 4. cxd5 Nxd5 5. e4 Nxc3 6. bxc3 Bg7 7. Bc4 c5 8. Ne2 0-0 9. 0-0 Nc6 10. Be3 Bg4 11. f3 cxd4 12. cxd4 Na5 13. Bd3 Be6 14. d5 Bxa1 15. Qxa1 f6 16. Bh6 Qb6+ 17. Qd4 Qxd4+ 18. Nxd4 Bd7 19. Bxf8 Kxf8 20. Rc1 Rc8 21. Rxc8+ Bxc8 22. Kf2 Ke8 23. Ke3 Kd8 24. f4 a6 25. e5 b5 26. h4 Bg4 27. Nc2 Kc7 28. Nb4 Kb6 29. Kd4 Bd7 30. Be2 h6 31. Bd3 g5 32. hxg5 hxg5 33. e6 Be8 34. d6 gxf4 35. d7 Bxd7 36. exd7 Kc7 37. Bf5 Nb7 38. Nxa6+ Kd6 39. Kc3 e6 40. Bxe6 Kxe6 41. Nc5+ Ke7 42. Nxb7 Kxd7 43. Kd4 Ke6 44. Ke4 b4 45. Nc5+ Kd6 46. Nd3 1-0

[Event "POL-chT Liga Mazowiecka 2006/07"]
[Site "Poland"]
[Date "2006.11.05"]
[Round "2.2"]
[White "Kalata, Mariusz"]
[Black "Checiak, Krzysztof"]
[Result "1-0"]
[WhiteElo "2132"]
[BlackElo "2098"]
[PlyCount "93"]
[EventDate "2006.10.22"]
[EventType "team-swiss"]
[EventRounds "9"]
[EventCountry "POL"]
[SourceTitle "EXT 2011"]
[Source "ChessBase"]
[SourceDate "2010.11.26"]
[SourceVersion "1"]
[SourceVersionDate "2010.11.26"]
[SourceQuality "1"]
[WhiteTeam "Wegrow SRSDiM"]
[BlackTeam "Ostroleka Wieza"]
[WhiteTeamCountry "POL"]
[BlackTeamCountry "POL"]

1. d4 Nf6 2. c4 e6 3. Nf3 b6 4. g3 Ba6 5. Qa4 c6 6. Nc3 Be7 7. Bg2 0-0 8. Ne5 Bb7 9. 0-0 d5 10. cxd5 cxd5 11. Bf4 a6 12. Rac1 Ne8 13. Rfd1 Nd6 14. Qc2 f6 15. Nf3 Nc6 16. Bh3 f5 17. Ne5 Rc8 18. Qb1 Nf7 19. Nxf7 Rxf7 20. e4 g6 21. exf5 exf5 22. Bg2 Na7 23. a3 Bf6 24. Qa2 Rd7 25. Be5 Kg7 26. f4 Bxe5 27. fxe5 b5 28. Ne2 Rc4 29. Nf4 Qb6 30. Kh1 Nc8 31. b3 Rxc1 32. Rxc1 Ne7 33. Qd2 a5 34. h4 Kh8 35. Rc5 Rc7 36. Nd3 Rxc5 37. dxc5 Qc7 38. Qg5 Ng8 39. h5 Kg7 40. hxg6 hxg6 41. Nf4 Qxe5 42. Qxg6+ Kf8 43. c6 Qa1+ 44. Kh2 Qh8+ 45. Nh3 Bc8 46. Qd6+ Ne7 47. Qd8+ 1-0

[Event "Kowalewo Pomorskie op"]
[Site "Kowalewo Pomorskie"]
[Date "2006.07.??"]
[Round "5"]
[White "Kalata, Mariusz"]
[Black "Kotermanska, Anna"]
[Result "1-0"]
[WhiteElo "2144"]
[BlackElo "1932"]
[PlyCount "120"]
[EventDate "2006.07.??"]
[EventType "swiss"]
[EventRounds "9"]
[EventCountry "POL"]
[SourceTitle "CBM 113 Extra"]
[Source "ChessBase"]
[SourceDate "2006.09.14"]
[SourceVersion "1"]
[SourceVersionDate "2006.09.14"]
[SourceQuality "1"]

1. d4 d5 2. c4 e6 3. Nf3 c6 4. Qc2 Nf6 5. Nbd2 Be7 6. g3 0-0 7. Bg2 Nbd7 8. 0-0 Qc7 9. e4 dxe4 10. Nxe4 Nxe4 11. Qxe4 Nf6 12. Qe2 c5 13. Bf4 Bd6 14. Bg5 Nd7 15. Rad1 h6 16. Bc1 Nf6 17. dxc5 Bxc5 18. Bf4 Qb6 19. a3 a5 20. Ne5 Rd8 21. Rxd8+ Qxd8 22. Rd1 Qe7 23. Qd2 g5 24. Be3 Bxe3 25. Qxe3 Kg7 26. Qd4 Rb8 27. h4 Qc7 28. hxg5 hxg5 29. Ng4 e5 30. Nxe5 Be6 31. Bd5 Rd8 32. Qe3 Nh7 33. b4 Qe7 34. Nd3 Nf8 35. Re1 axb4 36. Nxb4 Qf6 37. Qe5 Qxe5 38. Rxe5 Kf6 39. Re3 b6 40. Kf1 Rc8 41. Ke2 Nd7 42. f4 gxf4 43. gxf4 Nc5 44. Nd3 Nxd3 45. Kxd3 Kf5 46. Kd4 Bxd5 47. cxd5 Kxf4 48. Rb3 f5 49. d6 Kg4 50. Kd5 f4 51. d7 Rf8 52. Ke6 f3 53. Rb1 f2 54. Ke7 Ra8 55. d8Q Rxd8 56. Kxd8 Kg3 57. Kc7 b5 58. Kc6 Kg2 59. Kxb5 f1Q+ 60. Rxf1 Kxf1 1-0

[Event "Mazowieckie-chT 0506"]
[Site "Poland"]
[Date "2005.11.20"]
[Round "4"]
[White "Kalata, Mariusz"]
[Black "Pietrzak, Wojciech"]
[Result "1-0"]
[WhiteElo "2103"]
[BlackElo "2009"]
[PlyCount "81"]
[EventDate "2005.10.09"]
[EventType "team-tourn"]
[EventRounds "9"]
[EventCountry "POL"]
[SourceTitle "EXT 2019"]
[Source "ChessBase"]
[SourceDate "2018.10.10"]
[SourceVersion "1"]
[SourceVersionDate "2018.10.10"]
[SourceQuality "1"]

1. d4 d6 2. e4 Nf6 3. f3 Nbd7 4. Be3 e5 5. d5 c6 6. c4 Qc7 7. Nc3 Be7 8. Bd3 Nh5 9. Nge2 g5 10. g3 Nf8 11. Qd2 h6 12. 0-0-0 b5 13. dxc6 bxc4 14. Bxc4 Rb8 15. Qd3 Ne6 16. Kb1 Nd8 17. Nd5 Qxc6 18. Bb5 Rxb5 19. Qxb5 Qxb5 20. Nc7+ Kd7 21. Nxb5 g4 22. f4 Bb7 23. Nbc3 exf4 24. Nxf4 Nxf4 25. gxf4 f5 26. Rhe1 Bh4 27. Rg1 Re8 28. e5 Nf7 29. Bxa7 Bf3 30. Rd2 Ke6 31. Nb5 Be4+ 32. Ka1 Rc8 33. Nxd6 Nxd6 34. Rxd6+ Kf7 35. Rxh6 Bd8 36. Bd4 Kg7 37. Rd6 Ba5 38. h3 Kf7 39. hxg4 fxg4 40. a3 Bd3 41. b4 1-0

[Event "POL-chT 2nd League"]
[Site "Wysowa"]
[Date "2005.08.31"]
[Round "5.69"]
[White "Kalata, Mariusz"]
[Black "Jakubowski, Jaroslaw"]
[Result "1/2-1/2"]
[WhiteElo "2107"]
[BlackElo "2000"]
[PlyCount "75"]
[EventDate "2005.08.27"]
[EventType "team-swiss"]
[EventRounds "9"]
[EventCountry "POL"]
[SourceTitle "EXT 2019"]
[Source "ChessBase"]
[SourceDate "2018.10.10"]
[SourceVersion "1"]
[SourceVersionDate "2018.10.10"]
[SourceQuality "1"]
[WhiteTeam "Wegrow SRSDiM"]
[BlackTeam "Bydgoszcz Chemik"]
[WhiteTeamCountry "POL"]
[BlackTeamCountry "POL"]

1. d4 d5 2. c4 e6 3. Nf3 Nf6 4. g3 Be7 5. Bg2 0-0 6. 0-0 dxc4 7. Qc2 a6 8. Qxc4 b5 9. Qc2 Bb7 10. Bd2 Be4 11. Qc1 Qc8 12. Bf4 c5 13. dxc5 Bxc5 14. Nbd2 Bd5 15. Qe1 Qb7 16. Nb3 Bb6 17. Rc1 a5 18. Nc5 Qe7 19. Nd3 Nbd7 20. Nfe5 Nxe5 21. Nxe5 Bxg2 22. Kxg2 Nd5 23. Bd2 Qd6 24. Nf3 b4 25. e4 Ne7 26. Bf4 Qd3 27. Ne5 Qb5 28. Nc4 Bc5 29. Nd6 Qb6 30. Nc4 Qa7 31. Qe2 Rfd8 32. Rfd1 Ng6 33. Be3 Bxe3 34. Nxe3 Qb7 35. f3 h6 36. Rd2 Rac8 37. Rcd1 Rxd2 38. Qxd2 1/2-1/2

[Event "Mazowieckie-chT 0405 Relegation"]
[Site "Poland"]
[Date "2005.03.20"]
[Round "3"]
[White "Sliwinski, Marcin"]
[Black "Kalata, Mariusz"]
[Result "1-0"]
[WhiteElo "2195"]
[BlackElo "2127"]
[PlyCount "113"]
[EventDate "2005.03.06"]
[EventType "team-tourn"]
[EventRounds "3"]
[EventCountry "POL"]
[SourceTitle "EXT 2019"]
[Source "ChessBase"]
[SourceDate "2018.10.10"]
[SourceVersion "1"]
[SourceVersionDate "2018.10.10"]
[SourceQuality "1"]

1. e4 c5 2. Nc3 Nc6 3. Nf3 g6 4. d4 cxd4 5. Nxd4 Bg7 6. Be3 Nf6 7. f3 0-0 8. Qd2 d6 9. Bc4 Bd7 10. 0-0 Rc8 11. Bb3 a6 12. Rad1 Ne5 13. Kh1 Nc4 14. Bxc4 Rxc4 15. Nce2 b5 16. c3 Qb8 17. Bh6 Rfc8 18. Ng3 b4 19. cxb4 Rxd4 20. Qxd4 Bxh6 21. a3 Bg7 22. Qd2 Bb5 23. Rfe1 Nd7 24. Rc1 Ne5 25. Rxc8+ Qxc8 26. Rc1 Qe6 27. Qc3 Nc4 28. Qb3 Nxb2 29. Qc2 h5 30. Ne2 Qc4 31. Nc3 Qxc3 32. Qxc3 Bxc3 33. Rxc3 Kg7 34. Rc2 Na4 35. Kg1 Kf6 36. Kf2 e6 37. Ke3 d5 38. exd5 exd5 39. Kd4 Ke6 40. g4 hxg4 41. fxg4 Nb6 42. Rf2 Nc4 43. Rf3 Nd2 44. Re3+ Kd6 45. h4 Nc4 46. Rf3 Ke6 47. h5 gxh5 48. gxh5 f5 49. h6 Nd6 50. h7 Nf7 51. Rg3 Kf6 52. Rg8 Nh8 53. Rxh8 Kg7 54. Rf8 Kxh7 55. Rxf5 Bc4 56. Rxd5 Bxd5 57. Kxd5 1-0

[Event "Mazowieckie-chT 0405"]
[Site "Poland"]
[Date "2004.12.05"]
[Round "5"]
[White "Kowalewski, Jaroslaw"]
[Black "Kalata, Mariusz"]
[Result "1/2-1/2"]
[WhiteElo "2101"]
[BlackElo "2127"]
[PlyCount "65"]
[EventDate "2004.10.03"]
[EventType "team-tourn"]
[EventRounds "10"]
[EventCountry "POL"]
[SourceTitle "EXT 2019"]
[Source "ChessBase"]
[SourceDate "2018.10.10"]
[SourceVersion "1"]
[SourceVersionDate "2018.10.10"]
[SourceQuality "1"]

1. e4 c5 2. Nf3 d6 3. d4 cxd4 4. Nxd4 Nf6 5. Bd3 g6 6. c4 Bg7 7. Nc3 0-0 8. 0-0 Bd7 9. Nb3 Na6 10. f3 b6 11. Be3 Rc8 12. Rc1 Be6 13. Nb5 Qd7 14. N5d4 Nh5 15. Qd2 Nc5 16. Be2 Rfd8 17. Nxe6 Nxe6 18. Rfd1 Qa4 19. Ra1 Qc6 20. Rac1 Qa4 21. Ra1 Qe8 22. a4 Nc5 23. Nxc5 bxc5 24. Qc2 Rb8 25. Rab1 Rb4 26. b3 Rdb8 27. f4 Nf6 28. Bd2 R4b6 29. Bc3 Nd7 30. a5 R6b7 31. Bxg7 Kxg7 32. Bf3 Rc7 33. Qc3+ 1/2-1/2

[Event "Mazowieckie-chT 0405"]
[Site "Poland"]
[Date "2004.10.17"]
[Round "2"]
[White "Kalata, Mariusz"]
[Black "Piotrowski, Arkadiusz"]
[Result "1-0"]
[WhiteElo "2127"]
[BlackElo "1954"]
[PlyCount "113"]
[EventDate "2004.10.03"]
[EventType "team-tourn"]
[EventRounds "10"]
[EventCountry "POL"]
[SourceTitle "EXT 2019"]
[Source "ChessBase"]
[SourceDate "2018.10.10"]
[SourceVersion "1"]
[SourceVersionDate "2018.10.10"]
[SourceQuality "1"]

1. d4 d5 2. c4 e6 3. Nf3 Nf6 4. g3 Be7 5. Bg2 0-0 6. 0-0 Nbd7 7. b3 Ne4 8. Bb2 c6 9. Nfd2 f5 10. f3 Nxd2 11. Qxd2 Bg5 12. f4 Bf6 13. Na3 Rf7 14. Nc2 Nf8 15. Ne1 g5 16. e3 Ng6 17. cxd5 exd5 18. Nd3 Be6 19. b4 a6 20. a4 Bd7 21. b5 Rf8 22. bxa6 Rxa6 23. Nc5 Ra7 24. a5 Bc8 25. Bc3 Re8 26. Rfb1 Nf8 27. Kf2 Ne6 28. Na4 Qe7 29. Nb6 Qg7 30. Ra4 Kh8 31. Qd3 Qg6 32. Ra2 Nc7 33. Bb4 Ne6 34. Bc3 Nc7 35. Rab2 Be6 36. Na4 Nb5 37. Rxb5 cxb5 38. Qxb5 Raa8 39. Qxb7 gxf4 40. exf4 Qh5 41. Nc5 Bg8 42. Qb5 Bg7 43. Qd3 Re7 44. h4 Rae8 45. Bf3 Qf7 46. a6 Rc7 47. Rb7 Rxb7 48. axb7 Qc7 49. Qb5 Qe7 50. Qd3 Rb8 51. Qxf5 Qc7 52. Bxd5 Bxd5 53. Qxd5 Qb6 54. Qf5 Qc6 55. h5 Rxb7 56. h6 Bf8 57. Qxf8# 1-0

[Event "Mazowieckie-chT 0405"]
[Site "Poland"]
[Date "2004.10.03"]
[Round "1"]
[White "Szymczuk, Andrzej"]
[Black "Kalata, Mariusz"]
[Result "0-1"]
[WhiteElo "2061"]
[BlackElo "2127"]
[PlyCount "50"]
[EventDate "2004.10.03"]
[EventType "team-tourn"]
[EventRounds "10"]
[EventCountry "POL"]
[SourceTitle "EXT 2019"]
[Source "ChessBase"]
[SourceDate "2018.10.10"]
[SourceVersion "1"]
[SourceVersionDate "2018.10.10"]
[SourceQuality "1"]

1. e4 c5 2. Nf3 d6 3. d4 cxd4 4. Nxd4 Nf6 5. Nc3 g6 6. Be3 Bg7 7. f3 0-0 8. Qd2 Nc6 9. Bc4 Bd7 10. 0-0-0 Qb8 11. h4 b5 12. Bb3 a5 13. Nd5 a4 14. Nxc6 axb3 15. Ncxe7+ Kh8 16. a3 Nxd5 17. exd5 Qe8 18. Rde1 Qxe7 19. Bg5 Qxg5 20. Qxg5 Rfc8 21. c3 b4 22. axb4 Ra2 23. Re7 Bf5 24. Rhe1 Rxc3+ 25. bxc3 b2+ 0-1